Poemas al Hombre /
محفوظ في:
| المؤلف الرئيسي: | |
|---|---|
| التنسيق: | غير معروف |
| منشور في: |
[Lugar de publicación no identificado] :
[editor no identificado],
1973.
|
| الموضوعات: | |
| الوسوم: |
إضافة وسم
لا توجد وسوم, كن أول من يضع وسما على هذه التسجيلة!
|
MARC
| LEADER | 000000000a22000000004500 | ||
|---|---|---|---|
| 001 | 003185 | ||
| 082 | 0 | 4 | |a CR861.4 |b S211p |
| 100 | 1 | |a Sancho, Eladio Francisco | |
| 245 | 1 | 0 | |a Poemas al Hombre / |c Eladio Francisco Sancho. |
| 260 | 1 | |a [Lugar de publicación no identificado] : |b [editor no identificado], |c 1973. | |
| 300 | |a 30 páginas | ||
| 650 | 4 | |a LITERATURA COSTARRICENSE | |
| 650 | 4 | |a POESIA | |
| 999 | |c 9477 |d 9477 | ||
| 942 | |c BK |h CR861.4 S211p |2 z | ||
